Species of penguins that don't live in Antarctica - Statistics

General Stats
  • This quiz has been taken 13 times
  • The average score is 6 of 10
Answer Stats
Answer % Correct
African
100%
Galapagos
86%
Little
71%
Magellanic
71%
Yellow-Eyed
71%
Fiordland
57%
Snares
57%
Royal
43%
Erect-Crested
29%
Humboldt
29%
No matching quizzes found
Score Distribution
Percent of People with Each Score
Percentile by Number Answered
Your Score History
You have not taken this quiz